000 00312nam a22001337a 4500
008 170908b xxu||||| |||| 00| 0 eng d
020 _a9780756622053
041 _aeng
080 _a91
100 _a42
101 _aGEO
245 _aOCEAN THE WORLD WILDERNESS REVEALED
_cCOUSTEAU.F
942 _2udc
_cBK
999 _c26921
_d26921